| 000 | 00528cam a2200181 4500500 | ||
|---|---|---|---|
| 005 | 20260405001003.0 | ||
| 041 | _afre | ||
| 042 | _adc | ||
| 100 | 1 | 0 |
_aLe Blanc, Guillaume _eauthor |
| 245 | 0 | 0 | _aLe déclin de l’Europe |
| 260 | _c2010. | ||
| 500 | _a43 | ||
| 690 | _aDéclin | ||
| 690 | _aÉconomie | ||
| 690 | _aMythe | ||
| 786 | 0 | _nPhilosophie magazine | 42 | 9 | 2010-09-01 | p. 22-23 | 1951-1787 | |
| 856 | 4 | 1 | _uhttps://shs.cairn.info/magazine-philosophie-magazine-2010-9-page-22?lang=fr&redirect-ssocas=7080 |
| 999 |
_c2042901 _d2042901 |
||